000 01043nam a2200409 a 4500
003 AR-BaBNM
005 20251128210818.0
008 082120s2002 ||||||||||||||000 | spa||
020 _a950-12-9066-2
040 _cAR-BaBNM
100 1 _aMankiewicz, Richard
245 0 0 _aHistoria de las matemáticas
_bdel cálculo al caos
260 _aBarcelona
_bPaidós
_c2000
300 _a192 p.
_bil., láms.
500 _aConiene índice analítico para consultar
650 4 _aMATEMATICA
650 4 _aHISTORIA
650 4 _aEDAD ANTIGUA
650 4 _aEDAD MEDIA
650 4 _aTRIGONOMETRIA
650 4 _aRENACIMIENTO
650 4 _aMATEMATICA MODERNA
650 4 _aSIGLO DIECISIETE
650 4 _aSIGLO DIECIOCHO
650 4 _aGEOMETRIA
650 4 _aSIGLO DIECINUEVE
650 4 _aARITMETICA
650 4 _aALGEBRA
650 4 _aSIGLO VEINTE
650 4 _aMATEMATICOS
650 4 _aHISTORIA DE LAS CIENCIAS
651 4 _aEuropa
651 4 _aAsia
651 4 _aArabia Saudí
942 _cBK
998 _cMariana
999 _c17022
_d17022